Pays visités par le pape François - Statistiques

Statistiques générales
  • Ce quiz a été pris 623 fois
    508 depuis la dernière actualisation
  • Le résultat moyen est 31 sur 64
Statistiques - réponses
Nombre de visites Pays % Correct
3 France
100%
1 Etats-Unis
91%
1 Brésil
85%
1 Canada
81%
1 Mexique
79%
2 Portugal
77%
1 Israël
73%
1 Suisse
73%
1 Belgique
72%
1 Japon
71%
1 Pologne
71%
1 Chili
70%
1 Colombie
69%
2 Grèce
67%
1 Pérou
65%
1 Turquie
63%
1 Égypte
62%
1 Suède
62%
1 Irlande
61%
1 Maroc
59%
1 République démocratique du Congo
59%
1 Corée du Sud
58%
1 Roumanie
56%
2 Hongrie
55%
1 Paraguay
54%
1 Bolivie
52%
1 Indonésie
51%
1 Slovaquie
51%
1 Bulgarie
50%
1 Philippines
48%
2 Cuba
47%
1 Équateur
47%
1 Irak
46%
1 Albanie
45%
1 Estonie
45%
1 Lituanie
45%
1 Lettonie
44%
1 Thaïlande
44%
1 Luxembourg
43%
1 Panama
43%
1 Arménie
41%
1 Jordanie
41%
1 Malte
39%
1 Bosnie Herzégovine
37%
1 Chypre
34%
1 Géorgie
34%
1 Kenya
34%
1 Azerbaïdjan
31%
1 Macédoine du Nord
30%
1 Émirats arabes unis
28%
1 Mongolie
27%
1 Kazakhstan
26%
1 Bangladesh
25%
1 Birmanie
25%
1 Singapour
23%
1 Papouasie Nouvelle-Guinée
19%
1 Sri Lanka
19%
1 Ouganda
18%
1 Mozambique
17%
1 République centrafricaine
17%
1 Soudan du Sud
17%
1 Timor oriental
13%
1 Bahreïn
11%
1 Maurice
9%
Aucun quiz correspondant
Distribution des résultats
% des personnes avec chaque résultat
Percentile par nombre de réponses
Votre historique - résultats
Vous n’avez pas pris ce quiz depuis la dernière actualisation